| 000 | 00850nam a2200253 i 4500 | ||
|---|---|---|---|
| 001 | bgj | ||
| 245 | 0 | 0 |
_aWomen in Britain today / _cedited by Veronica Beechey and Elizabeth Whitelegg. |
| 250 | _areprinted. | ||
| 260 |
_aPhiladelphia : _bOpen University Press, _c1992= _bMilton Keynes. |
||
| 300 |
_aVII, 216 pp : _bgraphs, tables ; _c23 cm. |
||
| 500 | _a1st published in 1986. | ||
| 505 | _aIncludes bibliographical references and index. | ||
| 650 | 9 |
_aWomen _xSocial conditions _zGreat Britain |
|
| 650 | 9 |
_aWomen _xEconomic conditions _zGreat Britain |
|
| 655 | _aAddresses, essays, lectures | ||
| 700 | 1 |
_aBeechey, Veronica. _eco-editor |
|
| 700 | 1 |
_aWhitelegg, Elizabeth. _eco-editor |
|
| 020 | _a033515137X | ||
| 040 | _cBPK | ||
| 041 | 0 | _aeng | |
| 920 | _a0-335-15137-X | ||
| 942 | _cKS | ||
| 008 | s uk f |000 0 eng | ||
| 999 |
_c49271 _d49271 |
||
| 856 |
_uhttp://koha.tu.koszalin.pl/cgi-bin/koha/opac-detail.pl?biblionumber=49271 _yKatalog online BPK |
||